Words in Titles Quiz Stats

Quiz not verified by Sporcle

Challenge
Share
Tweet
Embed
Score 0/15 Timer 03:00
0 Plays Today
Question Answer Wrong Answers
Eight or Nine Wise Words about Letter-Writing Book
71.4%
Movie
5.5%
Song
6.4%
Painting
8.2%
The Complete Plain Words Book
56.6%
Movie
10%
Song
10.8%
Painting
14.4%
These Are My Twisted Words Song
46.7%
Movie
9%
Book
22.9%
Painting
12.9%
Lost for Words Song
36.4%
Movie
21.6%
Book
18.8%
Painting
14.9%
Paru Paru (Whispered Words II) Painting
31.1%
Movie
15.2%
Book
15.9%
Song
29.9%
Words and Pictures Movie
25.2%
Book
31.1%
Song
13.8%
Painting
21.6%
The Secret Life of Words Movie
24.9%
Book
49.8%
Song
7.7%
Painting
9.8%
Words of the Devil Painting
22.6%
Movie
14.1%
Book
27.4%
Song
27%
Three Little Words Movie
21.8%
Book
19.6%
Song
43.4%
Painting
8.1%
Less Than Words Can Say Book
18.1%
Movie
12.5%
Song
43.2%
Painting
17.5%
Words in Red Song
16.9%
Movie
11.3%
Book
20.1%
Painting
43.1%
50 Words For Snow Song
16.9%
Movie
12.4%
Book
48.5%
Painting
15.7%
A Thousand Words Movie
15.9%
Book
21.8%
Song
26.3%
Painting
26.9%
William's Last Words Song
15.9%
Movie
18.5%
Book
34%
Painting
22.2%
The Words That Maketh Murder Song
12.5%
Movie
19.3%
Book
44.2%
Painting
15.9%

You're not logged in!

Compare scores with friends on all Sporcle quizzes.
Sign Up with Email
OR
Log In

You Might Also Like...

Show Comments

Extras

Top Quizzes Today


Score Distribution

Your Account Isn't Verified!

In order to create a playlist on Sporcle, you need to verify the email address you used during registration. Go to your Sporcle Settings to finish the process.